Responses for show #7577 - Tuesday, July 18, 2017

Contestants

[<< previous game]

Martin Chetlen, a professor from Los Angeles, California

Darcy Shapiro, an evolutionary anthropologist from Princeton, New Jersey

Deborah Elliott, an educator from Cleveland, Ohio (whose 1-day cash winnings total $36,800)

[next game >>]

Jeopardy! Round responses

WORLD LEADERS
MAGAZINE SLOGANS
TAILS OF THE SOUTH PACIFIC
STATELY SONGS
AN OO SOUND
ICE CREAM COHENS
    $200 3
Angela Merkel

Deborah
    $200 16
Playboy

Darcy
    $200 1
a bat

Darcy
    $200 8
"California Dreamin'"

Deborah
    $200 13
a brunette

Darcy
    $200 21
(Alex: Ben Cohen.)

Ben and Jerry's

Darcy
    $400 4
Venezuela

Deborah
    $400 17
Rolling Stone

Deborah
    $400 2
keeping them warm (or hatching or incubating them)

Martin
    $400 9
(Martin: What is Louisiana?)

Kentucky

DarcyMartin
    $400 14
blues

Deborah
    $400 22
Alcatraz

Deborah
    $600 5
Ireland

Martin
    $1,000 18
Vogue

Deborah
    $600 24
humpbacks

Darcy
    $600 10
"Sweet Home Alabama"

Deborah
    $600 15
(Martin: What is a wooer?)

a suitor

Martin
Triple Stumper
    $600 23
Andy Cohen

Darcy
    $800 6
(Augusto) Pinochet

Deborah
    $800 19
Forbes

Martin
    $800 25
the crocodile

Darcy
    $800 11
"Georgia On My Mind"

Deborah
    $800 27
a coupe

Darcy
    $800 29
El Paso

Martin
    $1000 7
Rajiv Gandhi

Triple Stumper
    $1000 20
Reader's Digest

Triple Stumper
    $1000 26
a gecko

Deborah
    $1000 12
"All My Ex's Live In Texas"

Darcy
    $1000 28
adieu

Deborah
    $1000 30
Sacha Baron Cohen

Darcy

Scores at the first commercial break (after clue 15):

Deborah Darcy Martin
$3,400 $1,800 $0

Scores at the end of the Jeopardy! Round:

Deborah Darcy Martin
$7,200 $6,000 $1,600

Double Jeopardy! Round responses

OXYMORONS
WHICH WITCH MOVIE?
CONGRESSIONAL COMMITTEE CHAIRS
"G", WE LOVE ART
THE NAME OF THE WIND
THE WISE MAN'S FEAR
    $400 20
the concession stand

Darcy
    $400 3
The Wizard of Oz

Martin
    $400 25
McCain

Martin
    $400 1
graffiti

Martin
    $400 15
diablo

Darcy
    $400 11
Proverbs

Deborah
    $800 21
(Deborah: What is, uh, turf?)

Forest Lawn

Deborah
Triple Stumper
    $800 4
(Deborah: What is Practical Magic?)
(Darcy: What is The Craft?)
(Martin: What is The Witches of Eastwick?)

Bewitched

DeborahDarcyMartin
Triple Stumper
    $800 26
the Judiciary Committee

Martin
    $800 2
(Paul) Gauguin

Darcy
    $800 16
trade winds

Darcy
    $800 12
Atticus Finch

Martin
    $1200 22
Ram

Deborah
    $1200 5
The Lion, the Witch and the Wardrobe

Darcy
    $1200 27
(Deborah: What is North Dakota?)

Alaska

Deborah
Triple Stumper
    $1200 8
Gainsborough

Deborah
    $2,000 17
(Darcy: What are the Apennines?)

the Alps

Darcy
    $1200 13
rock

Triple Stumper
    $1600 23
(Darcy: What are sober offspring?)

adult children

Darcy
Triple Stumper
    $1600 6
Practical Magic

Deborah
    $1600 28
Ethics

Darcy
    $1600 9
Ghent

Martin
    $1600 18
the Chinook

Triple Stumper
    $1600 14
the count of Monte Cristo (or Edmond Dant├Ęs)

Darcy
    $2000 24
a working vacation

Darcy
    $2000 7
The Craft

Deborah
    $2,000 30
Ways and Means

Deborah
    $2000 10
a goldfinch

Triple Stumper
    $2000 19
(Martin: What is the midi?)

the mistral

Martin
Triple Stumper
    $2000 29
Dune

Deborah

Scores at the end of the Double Jeopardy! Round:

Deborah Darcy Martin
$14,800 $10,400 $3,200

[wagering suggestions for these scores]

Final Jeopardy! Round responses

20th CENTURY FAMOUS NAMES
MartinWho was Rasputin
$2,000
DarcyWho is Rasputin?
$8,801
DeborahWho is Rasputin?
$5,000
Rasputin

Final scores:

Deborah Darcy Martin
$19,800 $19,201 $5,200
2-day champion: $56,600 2nd place: $2,000 3rd place: $1,000

Game dynamics:

Coryat scores:

Deborah Darcy Martin
$14,400 $12,400 $3,200
19 R
(including 2 DDs),
3 W
19 R,
3 W
(including 1 DD)
10 R,
4 W

Combined Coryat: $30,000

The J! Archive is created by fans, for fans. The Jeopardy! game show and all elements thereof, including but not limited to copyright and trademark thereto, are the property of Jeopardy Productions, Inc. and are protected under law. This website is not affiliated with, sponsored by, or operated by Jeopardy Productions, Inc. Join the discussion at JBoard.tv.